Province or Not?-Canada - Statistics

General Stats
  • This quiz has been taken 52 times
  • The average score is 4 of 10
Answers on the Grid
Answers color-coded by a green-red scale on the quiz's grid according to % correct below.
Alberta
Virginia
California
British Columbia
Nunavut
New Jersey
Nova Scotia
Texas
Manitoba
Iceland
Yukon
Alaska
Northwest Territories
Saskatchewan
New York
Newfoundland and Labrador
Hawaii
Baja California
Ontario
Alabama
Montana
New Brunswick
Florida
Maine
Quebec
West Virginia
Greenland
Idaho
Prince Edward Island
Tennessee
 
Answer Stats
Answer % Correct
Alberta
88%
British Columbia
77%
Nova Scotia
50%
Manitoba
31%
Newfoundland and Labrador
27%
Ontario
27%
Saskatchewan
27%
New Brunswick
23%
Quebec
23%
Prince Edward Island
19%
No matching quizzes found
Score Distribution
Percent of People with Each Score
Percentile by Number Answered
Your Score History
You have not taken this quiz